000 00347nam a2200133Ia 4500
008 220204s9999 xx 000 0 und d
082 _a581.6(235.243)
_bATK
245 0 _aEconomic botany of the Himalayas
260 _aNew Delhi
_bCosmo
_c1980
650 _aEconomic Botany
650 _aHimalayan Regions
700 _aATKINSON, E T
942 _cBK
999 _c36114
_d36114